Histoire des idées politiques

Saved in:
Bibliografiske detaljer
Hovedforfatter: Touchard, Jean (Author)
Format: Bog
Sprog:fransk
Udgivet: París Presses Universitaires de France 1959
Udgivelse:1a. ed
Serier:Thémis. Sciences Politiques
Fag:
Tags: Tilføj Tag
Ingen Tags, Vær først til at tagge denne postø!

MARC

LEADER 00000cam a2200000 a 4500
001 UCD4722
003 CL-VaPUC
008 160717e19590000fr |||||||||||||||||fre|d
082 0 4 |a 320.9  |b TOU  |2 21 
100 0 |a Touchard, Jean  |e author  |9 588448 
245 1 0 |a Histoire des idées politiques 
250 |a 1a. ed 
300 |a v 
942 |c BK 
945 |d 20160717 19:54:00  |a arojas 
260 |a París  |b Presses Universitaires de France  |c 1959 
500 |a v.1: Des origenes au XVIIIe siécle 
650 0 |a Ciencia política  |9 324218 
650 0 |a Historia política  |9 256974 
583 |a last modification  |c 20160717 19:54:00  |k Rodrigo Vera 
490 0 |a Thémis. Sciences Politiques 
999 |c 365574  |d 365572 
952 |0 0  |1 0  |3 erb  |4 0  |6 320_900000000000000_TOU_1959  |7 0  |8 A  |9 479459  |a FDOHBE  |b FDOHBE  |e Huesbe Llanos, Marco Antonio, 1934-  |h v.1  |i 5306736  |o 320.9 TOU 1959  |p 5306736  |r 2024-01-30  |w 2019-11-24  |y BK  |z Catalogado en:20160717  |k HBE